| 000 | 00824nam a2200253 4500 | ||
|---|---|---|---|
| 999 |
_c331778 _d331778 |
||
| 001 | 2175505 | ||
| 003 | NUST | ||
| 005 | 20171024163618.0 | ||
| 008 | 710407s1968 pk ch b 000 0beng | ||
| 010 | _asa 68017531 | ||
| 020 | _a9694163234 | ||
| 025 | _aPL480:P-E-1419 | ||
| 040 |
_aDLC _cDLC _dDLC |
||
| 050 | 0 | 0 |
_aBP80.I6 _bA63 |
| 082 |
_a891.43915 _bRAH |
||
| 100 | 2 |
_aAbdur Rahim, Khawaja, _ecomp. _95613 |
|
| 245 | 0 | 0 | _aIqbal, the poet of tomorrow. |
| 260 |
_aLahore _bAbdul Hameed Khan, _c1968 |
||
| 300 |
_aiv, xxi, 273 p. _bfacsim., ports. _c23 cm. |
||
| 350 | _a15.00 | ||
| 500 | _aIncludes quotations in Bengali and Urdu. | ||
| 504 | _aIncludes bibliographical references. | ||
| 600 | 1 | 0 |
_aIqbal, Muhammad, _cSir, _d1877-1938. _920 |
| 700 | 1 |
_aIqbal, Muhammad, _cSir, _d1877-1938. _920 |
|
| 906 |
_a7 _bcbc _corignew _d4 _encip _f19 _gy-gencatlg |
||
| 942 |
_2ddc _cBK |
||